=LDR 00000nam 2200000 4500 =001 INLIS000000000048554 =005 20161122093339.0 =006 =007 =008 =020 ##$$a 979-3033-02-9 =035 ##$$0010-111600000000133 =040 ##$$a NBPDMAT =082 ##$$a 364 =090 ##$$a 364 $bTub k =100 ##$$a Tubagus Ronny Rahman Nitibaskara =245 ##$$a Ketika kejahatan berdaulat $b : Sebuah pendekatan kriminologi dan sosiologi $c / Tubagus Ronny Rahman Nitibaskara =260 ##$$a Jakarta $b Peradaban $c 2001 =300 ##$$a vi, 264 hlm. ; $c 21 cm =500 ##$$a Bibliografi : hlm 261 - 263 =500 ##$$a Biografi : hlm 264 =650 ##$$a Kriminologi =850 ##$$a NBPDMAT =990 ##$$a 31600100 =990 ##$$a 0001/BPAP-NTB/2016